Römische Staatsverwaltung / (Record no. 158801)

MARC details
000 -LEADER
campo de control de longitud fija 00840nam a22002055i 4500
001 - NÚMERO DE CONTROL
campo de control 158801
003 - IDENTIFICADOR DE NÚMERO DE CONTROL
campo de control ES-MaACL
005 - FECHA Y HORA DE LA ÚLTIMA TRANSACCIÓN
campo de control 20250919150506.0
008 - DATOS DE LONGITUD FIJA--INFORMACIÓN GENERAL
campo de control de longitud fija 040907m18731878gw |||| | ger d
040 ## - FUENTE DE CATALOGACIÓN
Centro catalogador/agencia de origen CAM
Lengua de catalogación spa
Centro/agencia transcriptor CAM
100 1# - ENTRADA PRINCIPAL--NOMBRE DE PERSONA
Nombre de persona Marquardt, Joachim.
9 (RLIN) 129529
245 10 - MENCIÓN DEL TÍTULO
Título Römische Staatsverwaltung /
Mención de responsabilidad, etc. von Joachim Marquardt.
260 ## - PUBLICACIÓN, DISTRIBUCIÓN, ETC.
Lugar de publicación, distribución, etc. Leipzig :
Nombre del editor, distribuidor, etc. Verlag von S. Herzel,
Fecha de publicación, distribución, etc. 1873-1878 (
Fabricante Druck von Breitkopf und Härtel)
300 ## - DESCRIPCIÓN FÍSICA
Extensión 3 v. ;
Dimensiones 23 cm.
490 1# - MENCIÓN DE SERIE
Mención de serie Handbuch der Rómischen Alterthümer /von Joachim Marquardt und Theodor Mommsen
597 ## - NOTA DE DESCRIPCIÓN FÍSICA
NOTA DE DESCRIPCIÓN FÍSICA T. I: 1873 (XIV, 523 p.) -- T. II: 1876 (XIV, 591 p.) -- T.III: 1878 XII (594 p.)
830 0# - PUNTO DE ACCESO ADICIONAL DE SERIE-TÍTULO UNIFORME
Título uniforme Handbuch der Rómischen Alterthümer /von Joachim Marquardt und Theodor Mommsen
9 (RLIN) 221890
852 ## - LOCALIZACIÓN
Ubicación ES-MaACL
Número de control de estantería G-2919-2921
Nota libre -- Enc. hol.
Holdings
Estatus retirado Estado de pérdida Estado de daño No para préstamo Colección Biblioteca de origen Biblioteca actual Ubicación en estantería Fecha de adquisición Fuente de adquisición Total de préstamos Signatura topográfica completa Código de barras Visto por última vez Precio de reemplazo Tipo de ítem Koha
        Libros del s. XIX Biblioteca del Ateneo de Madrid Biblioteca del Ateneo de Madrid Depósito 2 17/01/2008     G-2919-2921 1166215 23/02/2023 23/02/2023 Libro impreso antiguo